000 00980nam a2200265Ia 4500
003 OSt
005 20221005104413.0
006 a|||||r|||| 00| 0
007 ta
008 221004b |||||||| |||| 00| 0 hin d
024 _a31873
037 _cTextual
040 _aCRL
_cCRL
_bhin
041 _2hin
_ahin
082 _aO152,3N11:g, L2
100 _aचतुर्वेदी, रामस्वरूप
245 0 _aअज्ञेय और आधुनिक रचना की समस्या
246 _aAjnyeya aur ādhunik rachanā kī samasyā
260 _aदिल्ली
_bभारतीय ज्ञानपीठ भारत
_c1972
300 _a184पृ.
_ccm.
490 _aलोकोदय ग्रंथमाला; 247
650 _aहिन्दी आलोचना
942 _hO152,3N11:g, L2
_cTEXL
_2cc
999 _c1012613
_d1012613